Ortodoksiuskontoon liittyviä kysymyksiä - Statistics

Yleistilastot
  • Tätä visaa on pelattu 51 kertaa
    42 viimeisimmän päivityksen jälkeen
  • Keskiarvotulos 18 / 20
Vastaustilastot
Hint Vastaus % Oikein
Mitä nämä ovat: kaste, konfirmaatio, avioliitto, ehtoollinen sakramentteja
100%
Kuinka monta opetuslasta Jeesuksella oli? 12
97%
Kuinka monta ihmistä Jumala loi paratiisiin? 2
97%
Onko ortodoksisessa uskonnossa monta jumalaa? Ei
97%
Onko ortodoksisella uskonnolla oma risti? Kyllä
97%
Kuka on Jeesuksen äiti? Neitsyt Maria
97%
Kuka keräsi eläimiä laivaan kun tuli tulva? Nooa
97%
Mikä näistä on ortodoksiuskontoon liittyvä jälkiruoka? Pasha
93%
Mitä Jumala loi ensimmäisenä? Valon
93%
Mitä ovat kirkosta löytyvät kuvat joissa on pyhiä ihmisiä? Ikoneja
90%
Kuinka monta käskyä Jumala antoi Moosekselle? 10
87%
Klikkaa patriarkan nimeä! Bartolomeos
87%
Oliko Petrus yksi Jeesuksen opetuslapsista? Ei
87%
Mikä näistä on papin vaate? Epitrakiili
87%
Löytyykö ortodoksisesta kirkosta tuohuksia? Kyllä
87%
Onko ortodoksisessa kirkossa soittimia? Ei
80%
Kuka halkaisi meren puoliksi, jotta ihmiset pääsivät kulkemaan? Mooses
80%
Mikä näistä on ensimmäinen pappeuden aste? Diakoni
73%
Kuinka monta veljeä Jeesuksella oli? 0
70%
Kuinka monesta kirjasta ortodoksien käyttämä raamattu koostuu? 76
57%
Ehtoja vastaavia visoja ei löytynyt
Tulosjakauma
Jokaisen tuloksen saaneiden osuus
Persentiili vastausten määrän mukaan
Tuloshistoriasi
Et ole pelannut tätä visaa sen viimeisimmän päivityksen jälkeen